Faculty of Law Library — Cairo University

Official Online Catalog

الموظف العام وممارسة الحرية السياسية / (Record no. 51798)

MARC details
000 -LEADER
fixed length control field 01338nam a2200325 i 4500
003 - CONTROL NUMBER IDENTIFIER
control field EG-GICUC
005 - DATE AND TIME OF LATEST TRANSACTION
control field 20260121101526.0
008 - FIXED-LENGTH DATA ELEMENTS--GENERAL INFORMATION
fixed length control field 251220s2002 ua ||||fr|||| 000 0 ara d
040 ## - CATALOGING SOURCE
Original cataloging agency EG-GICUC
Language of cataloging ara
Transcribing agency EG-GICUC
Modifying agency EG-GICUC
Description conventions rda
041 ## - LANGUAGE CODE
Language code of text/sound track or separate title ara
082 04 - DEWEY DECIMAL CLASSIFICATION NUMBER
Edition number 21
Classification number 345.4392
Item number ع ل . م
092 04 - LOCALLY ASSIGNED DEWEY CALL NUMBER (OCLC)
Edition number 21
099 ## - LOCAL FREE-TEXT CALL NUMBER (OCLC)
Classification number Law1 07 345.4392 ع ل . م 1 ed - 2002
100 0# - MAIN ENTRY--PERSONAL NAME
Personal name فتحي عبدالفتاح محمد خليل.
Relator term مؤلف.
245 12 - TITLE STATEMENT
Title الموظف العام وممارسة الحرية السياسية /
Statement of responsibility, etc. دكتور علي عبدالفتاح محمد خليل.
250 ## - EDITION STATEMENT
Edition statement الطبعة الاولى.
264 #1 - PRODUCTION, PUBLICATION, DISTRIBUTION, MANUFACTURE, AND COPYRIGHT NOTICE
Place of production, publication, distribution, manufacture القاهرة :
Name of producer, publisher, distributor, manufacturer دار انهضة العربية,
Date of production, publication, distribution, manufacture, or copyright notice 2002.
300 ## - PHYSICAL DESCRIPTION
Extent 592 صفحة ؛
Dimensions 24 سم
Other physical details إيضاحيات، صور، مثيليات ؛
336 ## - CONTENT TYPE
Source rda content
Content type term text
337 ## - MEDIA TYPE
Source rda media
Media type term Computer
338 ## - CARRIER TYPE
Source rda carrier
Carrier type term Online Resource
504 ## - BIBLIOGRAPHY, ETC. NOTE
Bibliography, etc. note . 582-555 ببليوجرافيا: صفحات.
546 ## - LANGUAGE NOTE
Language note النص أغلبه باللغة العربية مع بعض النصوص الفرنسية
650 14 - SUBJECT ADDED ENTRY--TOPICAL TERM
Topical term or geographic name entry element الحقوق السياسية للموظف العام
Source of heading or term qrmak
650 14 - SUBJECT ADDED ENTRY--TOPICAL TERM
Topical term or geographic name entry element طرق اختيار الموظف العام
651 1# - SUBJECT ADDED ENTRY--GEOGRAPHIC NAME
Source of heading or term qrmak
856 40 - ELECTRONIC LOCATION AND ACCESS
Uniform Resource Identifier <a href="https://fll.law.cu.edu.eg/fulltext/bks/B07-01560.pdf">https://fll.law.cu.edu.eg/fulltext/bks/B07-01560.pdf</a>
905 ## - Cataloger and Reviser Names
Cataloger Name: Hager Mohamed
942 ## - ADDED ENTRY ELEMENTS (KOHA)
Source of classification or shelving scheme Dewey Decimal Classification
Koha item type Books
Edition 21
Suppress in OPAC No
Holdings
Withdrawn status Lost status Source of classification or shelving scheme Damaged status Not for loan Collection Home library Current library Date acquired Total checkouts Full call number Barcode Date last seen Copy number Price effective from Koha item type
    Dewey Decimal Classification   Not for loan القانون الإداري جــــامعة القــاهرة مكتبة كلية الحقوق - المبنى الرئيسي 20.12.2025   Law1 07 345.4392 ع ل . م 1 ed - 2002 0701560 C1 B07-01560 20.12.2025 1 20.12.2025 Books
    Dewey Decimal Classification     القانون الإداري جــــامعة القــاهرة مكتبة كلية الحقوق - المبنى الرئيسي 20.12.2025   Law1 07 345.4392 ع ل . م 1 ed - 2002 0701696 C2 B07-01696 20.12.2025 2 20.12.2025 Books
    Dewey Decimal Classification يحتاج إلى ترميم   القانون الإداري جــــامعة القــاهرة مكتبة كلية الحقوق - فـرع الشيخ زايد 05.01.2026   Law2 07 345.4392 ع ل . م 1 ed - 2002 0701393 C3 B07-01393 05.01.2026 3 05.01.2026 Books

© All rights reserved — Faculty of Law, Cairo University